La quiebra del consorcio de propiedad horizontal en el nuevo Código Civil y Comercial unificado de la Nación (Registro nro. 20804)
[ vista simple ]
| 000 -LEADER | |
|---|---|
| fixed length control field | 00400 a2200109 4500 |
| 001 - CONTROL NUMBER | |
| control field | ART_38218 |
| 005 - DATE AND TIME OF LATEST TRANSACTION | |
| control field | 20260410161804.0 |
| 008 - FIXED-LENGTH DATA ELEMENTS--GENERAL INFORMATION | |
| fixed length control field | 260409a |
| 100 1# - MAIN ENTRY--PERSONAL NAME | |
| Personal name | Mozzi, Germán D. |
| 245 10 - TITLE STATEMENT | |
| Title | La quiebra del consorcio de propiedad horizontal en el nuevo Código Civil y Comercial unificado de la Nación |
| 773 0# - HOST ITEM ENTRY | |
| Title | Doctrina Societaria y Concursal |
| Related parts | - Nº 330 (mayo 2015) |
| Record control number | REV4298 |
No hay ítems disponibles.